State Quiz - Rio de Janeiro - Statistics

General Stats
  • This quiz has been taken 31 times
    15 since last reset
  • The average score is 15 of 20
Answer Stats
Hint Answer % Correct
State capital Rio de Janeiro
100%
Most famous beaches Copacabana
93%
Most famous beaches Ipanema
93%
States that border Rio de Janeiro Minas Gerais
93%
States that border Rio de Janeiro São Paulo
93%
States that border Rio de Janeiro Espírito Santo
87%
"Rio de Janeiro" in English River of {January}
87%
Rio has the biggest celebration of this Pre-Lent festival Carnival
80%
Famous statue of Jesus Christ the {Redeemer}
80%
Other largest cities São Gonçalo
80%
Global event held in 2016 Summer Olympics
80%
Other largest cities Duque de Caxias
73%
Term for a shanty town Favela
73%
Mountain accessible by cable car (gondola lift) Sugarloaf
73%
The above is on this mountain Corcovado
67%
Largest city in the east {Campos} dos Goytacazes
60%
Largest oil company (short name) Petrobras
53%
Other largest cities Nova Iguaçu
47%
World's largest urban forest Tijuca
40%
National park named for a mountain range Serra dos {Órgãos}
20%
No matching quizzes found
Score Distribution
Percent of People with Each Score
Percentile by Number Answered
Your Score History
You have not taken this quiz since the last reset